[Event "Porto-ch U10"]
[Site "Porto"]
[Date "2002.02.02"]
[Round "6.1"]
[White "Madeira, Marcos"]
[Black "Pinto, Gustavo Jose"]
[Result "1-0"]
[WhiteElo "1081"]
[BlackElo "1178"]
[PlyCount "123"]
[EventDate "2002.02.??"]
[EventType "swiss"]
[EventRounds "7"]
[EventCountry "POR"]
[SourceTitle "EXT 2003"]
[Source "ChessBase"]
[SourceDate "2002.11.25"]
[SourceVersion "1"]
[SourceVersionDate "2002.11.25"]
[SourceQuality "1"]

1. e4 e5 2. Nf3 Nc6 3. Nc3 Bc5 4. Bc4 d6 5. d3 h6 6. 0-0 Nf6 7. Bd2 Be6 8. Bxe6 fxe6 9. Be3 Bb6 10. Bxb6 axb6 11. Nh4 Nxe4 12. Qh5+ Kd7 13. Qf7+ Qe7 14. Qxe7+ Nxe7 15. dxe4 d5 16. Rad1 Kc6 17. b4 Ra3 18. b5+ Kc5 19. Rd3 dxe4 20. Nxe4+ Kb4 21. Rb3+ Rxb3 22. cxb3 Kxb5 23. Rc1 c6 24. h3 Rf8 25. Nd6+ Ka6 26. Nc4 Nf5 27. g3 Nxh4 28. gxh4 Rf5 29. Nd6 Rf4 30. Ne8 Rxh4 31. Rc3 Rh5 32. Nxg7 Rg5+ 33. Rg3 Rxg3+ 34. fxg3 e4 35. Nxe6 Ka5 36. Nd4 c5 37. Nf5 h5 38. Kf2 Kb5 39. Nd6+ Kc6 40. Nxe4 Kd5 41. Nf6+ Ke6 42. Nxh5 Kf7 43. g4 Kg6 44. Kf3 b5 45. Nf4+ Kg5 46. Nd3 c4 47. bxc4 bxc4 48. Nb4 b6 49. a4 c3 50. h4+ Kh6 51. Kf4 Kg6 52. h5+ Kf6 53. g5+ Kf7 54. g6+ Kg7 55. h6+ Kg8 56. Kf5 Kh8 57. Kf6 b5 58. Kf7 c2 59. g7+ Kh7 60. Nxc2 Kxh6 61. g8Q Kh5 62. Kf6 1-0